Socio-cultural reproductive health practices of primitive tribes of Madhya Pradesh: some observations (Record no. 55702)

000 -LEADER
fixed length control field 00502pab a2200169 454500
008 - FIXED-LENGTH DATA ELEMENTS--GENERAL INFORMATION
fixed length control field 180718b2001 xxu||||| |||| 00| 0 eng d
100 ## - MAIN ENTRY--PERSONAL NAME
Personal name Pandey, G.D.
245 ## - TITLE STATEMENT
Title Socio-cultural reproductive health practices of primitive tribes of Madhya Pradesh: some observations
260 ## - PUBLICATION, DISTRIBUTION, ETC.
Date of publication, distribution, etc. 2001
300 ## - PHYSICAL DESCRIPTION
Extent p.27-33.
362 ## - DATES OF PUBLICATION AND/OR SEQUENTIAL DESIGNATION
Dates of publication and/or sequential designation Oct
650 ## - SUBJECT ADDED ENTRY--TOPICAL TERM
Topical term or geographic name entry element Health services - India - Madhya Pradesh
650 ## - SUBJECT ADDED ENTRY--TOPICAL TERM
Topical term or geographic name entry element Health services
700 ## - ADDED ENTRY--PERSONAL NAME
Personal name Tiwary, R.S.
773 ## - HOST ITEM ENTRY
Main entry heading Journal of Family Welfare
909 ## -
-- 55702
Holdings
Withdrawn status Lost status Damaged status Not for loan Permanent Location Current Location Date acquired Serial Enumeration / chronology Barcode Date last seen Price effective from Koha item type
        Indian Institute of Public Administration Indian Institute of Public Administration 2018-07-19 Volume no: 47, Issue no: 2 AR56147 2018-07-19 2018-07-19 Articles

Powered by Koha